000 00994nam a22002657a 4500
001 7426
003 FISKH
005 20251020145242.0
008 250715b cb ||||| |||| 00| 0 eng d
020 _a9781730162084
040 _aFISKH
_beng
_cFISKH
_dFISKH
050 _aPZ7
082 _a155.4
100 _aPrakash, Ved
245 _aBully :
_bCharacter-building stories for children /
_cConceived by Ved Prakash
260 _aNew Delhi :
_bDreamland Publications,
_c2012.
300 _a24 pages :
_bcolor illustrations ;
_c28 cm
505 _aK
520 _aReading books is a kind of enjoyment. Reading books is a good habit. We bring you a different kinds of books. You can carry this book where ever you want. It is easy to carry. It can be an ideal gift to yourself and to your loved ones. Care instruction keep away from fire.
521 8 _a510
_bLexile estimate
521 8 _aK
_bRaz-Plus
650 _aSTORIES
_vMORAL
942 _2ddc
_cBK
_n0
999 _c7426
_d7426